<?xml version="1.0" encoding="UTF-8"?>
<record
    xmlns:xsi="http://www.w3.org/2001/XMLSchema-instance"
    xsi:schemaLocation="http://www.loc.gov/MARC21/slim http://www.loc.gov/standards/marcxml/schema/MARC21slim.xsd"
    xmlns="http://www.loc.gov/MARC21/slim">

  <leader>03394nam a2200577uu 4500</leader>
  <controlfield tag="001">1418030</controlfield>
  <controlfield tag="005">20260508090020.0</controlfield>
  <controlfield tag="008">150813s2013                        spa  </controlfield>
  <datafield tag="020" ind1=" " ind2=" ">
    <subfield code="a">9788499611266</subfield>
  </datafield>
  <datafield tag="035" ind1=" " ind2=" ">
    <subfield code="a">1418030</subfield>
  </datafield>
  <datafield tag="040" ind1=" " ind2=" ">
    <subfield code="c">comduadb</subfield>
  </datafield>
  <datafield tag="041" ind1=" " ind2=" ">
    <subfield code="a">spa</subfield>
  </datafield>
  <datafield tag="082" ind1=" " ind2="4">
    <subfield code="a">025</subfield>
  </datafield>
  <datafield tag="100" ind1="1" ind2="0">
    <subfield code="a">Pacios Lozano, Ana Reyes</subfield>
    <subfield code="4">edt</subfield>
    <subfield code="e">edt</subfield>
    <subfield code="9">415358</subfield>
  </datafield>
  <datafield tag="245" ind1="1" ind2="0">
    <subfield code="a">T&#xE9;cnicas de b&#xFA;squeda y uso de la informaci&#xF3;n</subfield>
  </datafield>
  <datafield tag="260" ind1=" " ind2=" ">
    <subfield code="a">Madrid :</subfield>
    <subfield code="b">Centro de Estudios Ram&#xF3;n Areces,</subfield>
    <subfield code="c">2013.</subfield>
  </datafield>
  <datafield tag="300" ind1=" " ind2=" ">
    <subfield code="a">462 p&#xE1;ginas :</subfield>
    <subfield code="b">ilustrado</subfield>
  </datafield>
  <datafield tag="505" ind1=" " ind2=" ">
    <subfield code="a">CONTENIDO : Pr&#xF3;logo. -- Cap&#xED;tulo 1: D&#xF3;nde encontrar informaci&#xF3;n fiable. -- Cap&#xED;tulo 2: Uso &#xE9;tico de la informaci&#xF3;n: citaci&#xF3;n y bibliograf&#xED;a. -- Cap&#xED;tulo 3: Recuperaci&#xF3;n de informaci&#xF3;n en entornos electr&#xF3;nicos. -- Cap&#xED;tulo 4: Los recursos de informaci&#xF3;n especializados. -- Cap&#xED;tulo 5: Gestionar la informaci&#xF3;n en la RED. -- Ejercicios resueltos y supuestos pr&#xE1;cticos. -- Bibliograf&#xED;a. .</subfield>
  </datafield>
  <datafield tag="520" ind1="3" ind2=" ">
    <subfield code="a">El objetivo de este libro es ayudar a los estudiantes a adquirir los conocimientos b&#xE1;sicos sobre las fuentes de informaci&#xF3;n en distintos campos de la ciencia, a estimular su sentido cr&#xED;tico a la hora de evaluar la informaci&#xF3;n que encuentra en la red y a reflexionar y conocer las ventajas de hacer un uso &#xE9;tico de la informac i&#xF3;n as&#xED; como a gestionar la informaci&#xF3;n que se encuentra en ella. Contiene numerosos ejemplos y utilidades de software para optimizar el trabajo de b&#xFA;squeda, recuperaci&#xF3;n y organizaci&#xF3;n de la informaci&#xF3;n que existe en internet.</subfield>
  </datafield>
  <datafield tag="650" ind1=" " ind2="0">
    <subfield code="a">Recuperaci&#xF3;n de informaci&#xF3;n</subfield>
    <subfield code="9">53371</subfield>
  </datafield>
  <datafield tag="650" ind1=" " ind2=" ">
    <subfield code="a">Busqueda de informaci&#xF3;n</subfield>
    <subfield code="9">175737</subfield>
  </datafield>
  <datafield tag="650" ind1=" " ind2="7">
    <subfield code="a">An&#xE1;lisis documental</subfield>
    <subfield code="2">lemb</subfield>
    <subfield code="9">54815</subfield>
  </datafield>
  <datafield tag="650" ind1=" " ind2="7">
    <subfield code="a">Gesti&#xF3;n de la informaci&#xF3;n</subfield>
    <subfield code="2">embne</subfield>
    <subfield code="9">36494</subfield>
  </datafield>
  <datafield tag="650" ind1=" " ind2=" ">
    <subfield code="a">Fuentes de informaci&#xF3;n</subfield>
    <subfield code="9">46370</subfield>
  </datafield>
  <datafield tag="650" ind1=" " ind2=" ">
    <subfield code="a">B&#xFA;squedas de informaci&#xF3;n por Internet</subfield>
    <subfield code="9">163199</subfield>
  </datafield>
  <datafield tag="650" ind1=" " ind2="7">
    <subfield code="a">Citas bibliogr&#xE1;ficas</subfield>
    <subfield code="2">lemb</subfield>
    <subfield code="9">193730</subfield>
  </datafield>
  <datafield tag="700" ind1="1" ind2="0">
    <subfield code="a">Aportela Rodr&#xED;guez, Ivett M.</subfield>
    <subfield code="4">aut</subfield>
    <subfield code="e">aut</subfield>
    <subfield code="9">749653</subfield>
  </datafield>
  <datafield tag="700" ind1="1" ind2="0">
    <subfield code="a">Bueno de la Fuente, Gema</subfield>
    <subfield code="4">aut</subfield>
    <subfield code="e">aut</subfield>
    <subfield code="9">743574</subfield>
  </datafield>
  <datafield tag="700" ind1="1" ind2="0">
    <subfield code="a">Calzada Prado, Javier Francisco</subfield>
    <subfield code="4">aut</subfield>
    <subfield code="e">aut</subfield>
    <subfield code="9">552775</subfield>
  </datafield>
  <datafield tag="700" ind1="1" ind2="0">
    <subfield code="a">Colmenero Ru&#xED;z, Mar&#xED;a Jes&#xFA;s</subfield>
    <subfield code="4">aut</subfield>
    <subfield code="e">aut</subfield>
    <subfield code="9">703388</subfield>
  </datafield>
  <datafield tag="700" ind1="1" ind2="0">
    <subfield code="a">Jorge Garc&#xED;a-Reyes, Mar&#xED;a del Carmen</subfield>
    <subfield code="4">aut</subfield>
    <subfield code="e">aut</subfield>
    <subfield code="9">749654</subfield>
  </datafield>
  <datafield tag="700" ind1="1" ind2="0">
    <subfield code="a">Martin Vega, Arturo</subfield>
    <subfield code="4">aut</subfield>
    <subfield code="e">aut</subfield>
    <subfield code="9">498827</subfield>
  </datafield>
  <datafield tag="700" ind1="1" ind2="0">
    <subfield code="a">Mart&#xED;nez &#xC1;vila, Daniel</subfield>
    <subfield code="4">aut</subfield>
    <subfield code="e">aut</subfield>
    <subfield code="9">716272</subfield>
  </datafield>
  <datafield tag="700" ind1="1" ind2="0">
    <subfield code="a">Marzal Garc&#xED;a Quismondo, Miguel &#xC1;ngel</subfield>
    <subfield code="4">aut</subfield>
    <subfield code="0">(isni)0000 0000 6014 4541</subfield>
    <subfield code="0">(viaf)86579724</subfield>
    <subfield code="e">aut</subfield>
    <subfield code="9">362289</subfield>
  </datafield>
  <datafield tag="700" ind1="1" ind2="0">
    <subfield code="a">Villegas Echavarr&#xED;a, M&#xF3;nica Mar&#xED;a</subfield>
    <subfield code="4">aut</subfield>
    <subfield code="e">aut</subfield>
    <subfield code="9">511708</subfield>
  </datafield>
  <datafield tag="700" ind1="1" ind2="0">
    <subfield code="a">Ovalle Perandones, Maria Antonia</subfield>
    <subfield code="4">aut</subfield>
    <subfield code="e">aut</subfield>
    <subfield code="9">575713</subfield>
  </datafield>
  <datafield tag="700" ind1="1" ind2="0">
    <subfield code="a">Planas Comerma, Mar&#xED;a Dolores</subfield>
    <subfield code="4">aut</subfield>
    <subfield code="e">aut</subfield>
    <subfield code="9">504062</subfield>
  </datafield>
  <datafield tag="700" ind1="1" ind2="0">
    <subfield code="a">Mart&#xED;nez Pesta&#xF1;a, Mar&#xED;a Jes&#xFA;s</subfield>
    <subfield code="4">aut</subfield>
    <subfield code="e">aut</subfield>
    <subfield code="9">423135</subfield>
  </datafield>
  <datafield tag="700" ind1="1" ind2="0">
    <subfield code="a">Melgar Estrada, Liliana Maria</subfield>
    <subfield code="4">aut</subfield>
    <subfield code="e">aut</subfield>
    <subfield code="9">447421</subfield>
  </datafield>
  <datafield tag="700" ind1="1" ind2="0">
    <subfield code="a">M&#xE9;ndez Rodr&#xED;guez, Eva Mar&#xED;a</subfield>
    <subfield code="4">aut</subfield>
    <subfield code="e">aut</subfield>
    <subfield code="9">393067</subfield>
  </datafield>
  <datafield tag="700" ind1="1" ind2="0">
    <subfield code="a">Moreno Martinez, Luis</subfield>
    <subfield code="4">aut</subfield>
    <subfield code="e">aut</subfield>
    <subfield code="9">293207</subfield>
  </datafield>
  <datafield tag="700" ind1="1" ind2="0">
    <subfield code="a">Nogales Flores, Tom&#xE1;s</subfield>
    <subfield code="4">aut</subfield>
    <subfield code="e">aut</subfield>
    <subfield code="9">325194</subfield>
  </datafield>
  <datafield tag="700" ind1="1" ind2="0">
    <subfield code="a">Olmeda G&#xF3;mez, Carlos</subfield>
    <subfield code="4">aut</subfield>
    <subfield code="e">aut</subfield>
    <subfield code="9">293847</subfield>
  </datafield>
  <datafield tag="700" ind1="1" ind2="0">
    <subfield code="a">P&#xE9;rez Lorenzo, Bel&#xE9;n</subfield>
    <subfield code="4">aut</subfield>
    <subfield code="e">aut</subfield>
    <subfield code="9">435613</subfield>
  </datafield>
  <datafield tag="700" ind1="1" ind2="0">
    <subfield code="a">Perianes Rodr&#xED;guez, Antonio</subfield>
    <subfield code="4">aut</subfield>
    <subfield code="e">aut</subfield>
    <subfield code="9">567301</subfield>
  </datafield>
  <datafield tag="700" ind1="1" ind2="0">
    <subfield code="a">Rodriguez Mateos, David</subfield>
    <subfield code="4">aut</subfield>
    <subfield code="e">aut</subfield>
    <subfield code="9">637800</subfield>
  </datafield>
  <datafield tag="700" ind1="1" ind2="0">
    <subfield code="a">Arag&#xF3;n Gonz&#xE1;lez, In&#xE9;s</subfield>
    <subfield code="4">aut</subfield>
    <subfield code="e">aut</subfield>
    <subfield code="9">437717</subfield>
  </datafield>
  <datafield tag="700" ind1="1" ind2="0">
    <subfield code="a">Mart&#xED;nez &#xC1;vila, Daniel</subfield>
    <subfield code="4">aut</subfield>
    <subfield code="e">aut</subfield>
    <subfield code="9">716272</subfield>
  </datafield>
  <datafield tag="700" ind1="1" ind2="0">
    <subfield code="a">Serrano L&#xF3;pez, Antonio E.</subfield>
    <subfield code="4">aut</subfield>
    <subfield code="e">aut</subfield>
    <subfield code="9">722937</subfield>
  </datafield>
  <datafield tag="942" ind1=" " ind2=" ">
    <subfield code="c">BOOK</subfield>
  </datafield>
  <datafield tag="999" ind1=" " ind2=" ">
    <subfield code="c">721639</subfield>
    <subfield code="d">721639</subfield>
  </datafield>
  <datafield tag="952" ind1=" " ind2=" ">
    <subfield code="0">0</subfield>
    <subfield code="1">0</subfield>
    <subfield code="4">0</subfield>
    <subfield code="7">0</subfield>
    <subfield code="8">GEN</subfield>
    <subfield code="a">BC</subfield>
    <subfield code="b">BC</subfield>
    <subfield code="d">2015-08-13</subfield>
    <subfield code="e">Buscalibre</subfield>
    <subfield code="g">104733.00</subfield>
    <subfield code="i">C1230835</subfield>
    <subfield code="l">0</subfield>
    <subfield code="o">025.524 T252</subfield>
    <subfield code="p">01008723</subfield>
    <subfield code="r">2023-05-03 00:00:00</subfield>
    <subfield code="t">1</subfield>
    <subfield code="w">2023-05-03</subfield>
    <subfield code="y">BOOK</subfield>
  </datafield>
  <datafield tag="952" ind1=" " ind2=" ">
    <subfield code="0">0</subfield>
    <subfield code="1">0</subfield>
    <subfield code="2">ddc</subfield>
    <subfield code="4">0</subfield>
    <subfield code="7">0</subfield>
    <subfield code="8">GENERAL</subfield>
    <subfield code="a">CARME</subfield>
    <subfield code="b">CARME</subfield>
    <subfield code="d">2016-11-22</subfield>
    <subfield code="e">Buscalibre</subfield>
    <subfield code="f">COMP</subfield>
    <subfield code="g">120000.00</subfield>
    <subfield code="i">C1254887</subfield>
    <subfield code="l">2</subfield>
    <subfield code="m">1</subfield>
    <subfield code="o">025.524 T252</subfield>
    <subfield code="p">1022964</subfield>
    <subfield code="r">2025-01-31 00:00:00</subfield>
    <subfield code="s">2024-11-07</subfield>
    <subfield code="t">2</subfield>
    <subfield code="w">2023-05-03</subfield>
    <subfield code="y">BOOK</subfield>
  </datafield>
</record>
